000
00250nam a2200121Ia 4500
100
_a
Parkinson/ A c.
942
_c
BK
654
_a
Engg. drawing
245
_a
Engg. drawing
260
_b
Wheeler
_a
Allahabad
_c
1980
546
_a
ENGLISH
999
_c
28939
_d
28939